00366nam a22001337a 4500003000400000005001700004008004100021040000800062050001800070082001800088245008600106260003000192300001000222OSt20260410051755.0260410b |||||||| |||| 00| 0 eng d cDLC a248.3bSM642B a248.3bSM642B aBeyond The Veil:bentering into intimacy with God through prayer/cby Alice Smith aUSA:bRenew Books,c1997. a201p.